| 000 | 00916nas a2200313 4500 | ||
|---|---|---|---|
| 001 | BR2012009203 | ||
| 003 | BR-BrBNA | ||
| 005 | 20231205121559.0 | ||
| 007 | ta | ||
| 008 | 230509b bl.|||p| |||| 00| 00por d | ||
| 040 |
_aBR-BrBNA _bpor _cBiblioteca Nacional de Agricultura |
||
| 041 | _a(Pt) | ||
| 072 | _aF02; F30 | ||
| 100 | 1 | _aTombolato, A.F.C. | |
| 100 | 1 | _aVeiga, R.F. de A. | |
| 100 | 1 | _aBarbosa, W. | |
| 100 | 1 | _aCosta, A.A. | |
| 100 | 1 | _aBenatti Junior, R. | |
| 100 | 1 | _aPires, E.G. | |
| 245 | 1 | _aDomesticação e pré-melhoramento de plantas: 1. ornamentais | |
| 650 | _aPLANTA ORNAMENTAL | ||
| 650 | _aCRISÂNTEMO | ||
| 650 | _aROSA | ||
| 650 | _aMELHORAMENTO GENÉTICO VEGETAL | ||
| 650 | _aPROPAGAÇÃO VEGETATIVA | ||
| 773 | 0 |
_tO Agronômico (Brazil) _xISSN 0365-2726 _g(2004), v. 56(1) p. 12-14 _wBR2012009203 |
|
| 909 |
_a202311 _bLúcia _c55 _dLúcia Elande |
||
| 942 |
_2AGRIS _n0 _cANA |
||
| 999 |
_c224228 _d224228 |
||